00292nam a2200085Ia 4500008004100000041000800041100002000049245009100069260004600160241105s9999 xx 000 0 und d aeng aBramhe Harshada aUse Of Manufactured Sand In Normal Strength Concrete As A Replacement To Natural Sand. bYCMOU Construction Management, Punec2012